[Event "IV Closed GM BCC 2021"]
[Site "Barcelona"]
[Date "2021.04.11"]
[Round "7.1"]
[White "Garcia Ramos, Daniel"]
[Black "Cuenca Jimenez, Jose Fernando"]
[Result "1/2-1/2"]
[WhiteElo "2436"]
[BlackElo "2506"]
[Annotator "TA"]
[PlyCount "125"]
[EventDate "2021.04.05"]
[EventType "tourn"]
[EventCountry "ESP"]
[SourceTitle "playchess.com"]
[Source "ChessBase"]
[SourceQuality "1"]

{[%evp 17,125,0,0,0,0,0,0,0,15,0,11,0,32,26,59,59,51,16,39,37,50,46,42,29,37,8,15,23,15,-6,29,37,31,35,43,36,41,31,42,0,0,0,0,0,0,0,0,0,0,0,22,0,0,0,0,0,0,0,0,-26,-26,-24,-24,-24,-27,-38,-34,-39,-36,-35,-33,-51,-34,-33,-33,-43,-43,-82,-79,-322,-219,-330,-340,-336,-336,-295,-305,-29940,-29945,-29962,-29965,-29969,-29970,-29969,-7175,-29965,-8,-8,-8,-8,-8,-8,-8,-8,-8,-8,-8,-8,-8,-8]} 1. e4 e6 2. d4 d5 3. Nc3 Nf6 4. e5 Nfd7 5. f4 c5 6. Nf3 Nc6 7. Be3 a6 8. Qd2 b5 9. dxc5 Bxc5 10. Bd3 {C11: French: Classical System: 4 e5 and 4 Bg5 dxe4.} Qb6 ({Of course not} 10... d4 $6 11. Nxd4 Nxd4 12. Ne4 $16) 11. Bf2 O-O {Recently 11...h6 got a lot of attention.} 12. O-O Bxf2+ 13. Qxf2 Qxf2+ 14. Rxf2 {[#]} f6 $146 ({Predecessor:} 14... Nc5 15. a3 b4 16. axb4 Nxb4 17. Bf1 Bd7 18. Ra5 Nb7 19. Ra3 Nc5 20. Ra5 Nb7 21. Ra3 Nc5 22. Ra5 {½-½ (22) Idani,P (2573)-Oleksienko,M (2643) Dubai 2017}) 15. exf6 Rxf6 16. g3 Nc5 17. Re2 b4 18. Nd1 h6 19. Nf2 a5 20. Ng4 Rf8 21. Nge5 Nxe5 22. Nxe5 Ba6 23. a3 b3 {Black wants to play ...bxc2.} 24. Bxa6 Rxa6 25. Rc1 Rb6 26. cxb3 Nxb3 27. Rc7 Rfb8 28. Rec2 {Black must now prevent Nd7.} Nd4 29. Rc8+ Kh7 30. Rxb8 Rxb8 $11 {[%mdl 4096] Endgame KRN-KRN} 31. Rd2 Nb3 32. Rc2 Rb7 33. Kf2 g5 34. fxg5 hxg5 35. Ke3 Kg7 36. Nd3 e5 37. Rc6 ({Don't go for} 37. Nxe5 $2 Re7 $19) 37... Re7 38. Rd6 (38. Nc5 {is interesting.} Nd4 39. Ra6 g4 40. Rxa5 Rf7 41. Ra6) 38... e4 39. Rxd5 exd3+ 40. Kxd3 {KRN-KR} Kf6 41. Kc4 a4 42. Kb5 Re4 43. Rd6+ Kf5 44. Ra6 Re5+ 45. Kb4 Nc5 46. Rc6 Nd3+ 47. Kc3 Re3 48. Kd2 $2 (48. Kd4 $17 {was forced.} Rf3 49. Rc8) 48... Rf3 $19 49. Ke2 (49. Kc2 $142) 49... Ne5 50. Rb6 g4 51. Rb4 Rb3 {...Rxb4 is the strong threat.} 52. Rxb3 (52. Rxa4 $19 Rxb2+ 53. Ke3) 52... axb3 {KN-KP} 53. Kd2 Nf3+ 54. Kd3 Ke5 55. Kc4 Kd6 (55... Nxh2 $142 56. a4 Nf1 57. a5 Kd6 58. Kd4 Nxg3 59. Ke3 Nh5 60. Ke4 Kc7 61. Ke3 Kc6 62. Ke4 Kc7 63. Ke3 Kb7 64. Kf2 Nf4 65. Ke3 g3 $1 66. Kf3 Nd3 67. Kxg3 Nxb2 68. Kf4 Nc4 69. Ke4 Na3 70. Kf4 b2 71. Ke5 b1=Q 72. Ke6 Nc4 73. a6+ Ka7 74. Kf6 Kxa6 75. Kg5 Qf1 76. Kg4 Qf6 77. Kh3 Qf3+ 78. Kh4 Qg2 79. Kh5 Ne5 80. Kh6 Qg6#) 56. Kxb3 {[#]} Nxh2 $2 {KN-K3P} (56... Kd5 $1 {mates} 57. a4 Nxh2 58. Kc3 Nf1 59. Kd3 Nxg3 60. a5 Nh5 61. Ke3 Ke5 62. Kf2 Nf6 63. a6 Nd5 64. a7 Nb6 65. Ke3 Kf5 66. b4 Kg5 67. Ke4 g3 68. Kf3 Kh4 69. Ke2 g2 70. Kf2 Kh3 71. b5 Kh2 72. Ke3 g1=Q+ 73. Kf4 Qa1 74. Kg5 Qxa7 75. Kf6 Qd7 76. Kg5 Qf7 77. Kg4 Nc4 78. Kh4 Qg6 79. b6 Ne5 80. b7 Qh6#) 57. Kc4 $1 $11 {The position is equal.} Nf1 {Strongly threatening ...Ke5.} 58. Kd4 Nxg3 {Threatens to win with ...Ke6.} (58... Kc6 $5 {[%cal Rf1g3]}) 59. a4 Nf5+ 60. Ke4 Kc5 61. Kf4 {[#]} g3 $1 {And now ...g2 would win.} 62. Kf3 Kb4 63. b3 $1 {Whites escaped into a draw.  Weighted Error Value: White=0.38/Black=0.33} 1/2-1/2

[Event "IV Closed GM BCC 2021"]
[Site "Barcelona"]
[Date "2021.04.11"]
[Round "7.2"]
[White "Maurizzi, Marc Andria"]
[Black "Ayats Llobera, Gerard"]
[Result "1-0"]
[WhiteElo "2479"]
[BlackElo "2403"]
[Annotator "TA"]
[PlyCount "93"]
[EventDate "2021.04.05"]
[EventType "tourn"]
[EventCountry "ESP"]
[SourceTitle "playchess.com"]
[Source "ChessBase"]
[SourceQuality "1"]

{[%evp 17,93,33,42,38,39,39,61,22,19,16,24,12,15,8,38,0,0,0,0,0,0,-5,0,0,0,0,0,-4,0,3,85,0,84,77,146,135,135,140,130,101,101,66,168,66,74,74,81,84,108,99,96,78,72,87,173,173,430,170,1065,1074,1583,1485,1629,1661,1728,1651,2608,2495,4718,4414,29970,11848,29982,29983,29984,29985,29986,29984]} 1. d4 d5 2. c4 c6 3. Nc3 Nf6 4. Nf3 dxc4 5. a4 Bf5 6. Ne5 Na6 7. e3 Nb4 8. Bxc4 e6 9. O-O Be7 10. Qe2 {D17: Slav Defence: 5 a4 Bf5: Lines with 6 Nh4 and 6 Ne5.} Bc2 11. Na2 Nxa2 12. Qxc2 {White is slightly better.} (12. Rxa2 {with more complications.} Bb1 13. Ra1 Be4 14. Rd1 Bd5 15. Qc2) 12... Nxc1 13. Raxc1 O-O {[#]} 14. Qb3 $146 ({Predecessor:} 14. Rfd1 Qc7 15. Be2 Bd6 16. Nf3 Rfd8 17. h3 Rac8 18. Nd2 Qb8 19. Ne4 Be7 20. Nxf6+ Bxf6 21. b4 {½-½ (21) Turov,M (2535)-Demidov,M (2631) Tallinn 2019}) 14... Rb8 15. f4 {Threatening f5.} Nd5 16. e4 Nb6 17. Rcd1 Nxc4 18. Qxc4 Bd6 19. f5 exf5 20. Rxf5 {[%cal Re5f7]} Bxe5 21. Rxe5 Qd6 22. Qc5 Qxc5 23. dxc5 Rfe8 (23... b6 $11 {remains equal.}) 24. Rxe8+ $16 Rxe8 {[%mdl 4096] Endgame KR-KR} 25. Rd7 b6 ({Black should try} 25... Kf8) 26. Rxa7 bxc5 27. a5 g6 28. a6 {And now Rb7 would win.} Rxe4 29. Rb7 Kg7 {[#]} (29... Ra4 $14) 30. a7 (30. Rb3 $1 $18 {Threatens to win with a7.} Re7 31. Rb7 Re1+ 32. Kf2) 30... Ra4 $14 31. Kf2 g5 32. Rc7 h5 33. Ke3 Kg6 34. Rxc6+ f6 35. Rc7 {b3 is the strong threat.} ({Of course not} 35. Rxc5 Rxa7 36. Kd3 Ra2 $11) 35... g4 {[#]} (35... f5 $16 36. Kd3 h4) 36. b3 $1 $18 {[%cal Rb3a4]} Ra1 (36... Ra3 37. Ke4 f5+ 38. Kf4 Kf6) 37. Kf4 $2 (37. Ke4) 37... Ra2 $2 (37... f5 38. Ke5 h4) 38. Ke4 Ra5 39. Kd5 f5 40. Kc6 Ra3 41. Kxc5 Kg5 42. b4 {[%cal Bb3b4,Bb4b5,Bb5b6][%mdl 32]} f4 43. b5 f3 44. gxf3 gxf3 45. b6 {White mates.} Rc3+ 46. Kd4 Rxc7 47. a8=Q {Weighted Error Value: White=0.20/Black=0.65} 1-0

[Event "IV Closed GM BCC 2021"]
[Site "Barcelona"]
[Date "2021.04.11"]
[Round "7.3"]
[White "Hernandez, Cristian Andres"]
[Black "Gines Esteo, Pedro Antonio"]
[Result "0-1"]
[WhiteElo "2357"]
[BlackElo "2449"]
[Annotator "TA"]
[PlyCount "81"]
[EventDate "2021.04.05"]
[EventType "tourn"]
[EventCountry "ESP"]
[SourceTitle "playchess.com"]
[Source "ChessBase"]
[SourceQuality "1"]

{[%evp 11,81,2,2,2,2,2,16,-18,0,0,2,-29,-1,-26,-21,-50,5,-13,-35,-17,-33,-20,-22,-35,-22,-51,-41,-29,-22,-52,-43,-39,-36,-39,-34,-35,-29,-39,-39,-33,-45,-55,-39,-62,-62,-72,-64,-229,-228,-214,-213,-213,-221,-217,-171,-332,-327,-401,-414,-517,-514,-528,-550,-702,-638,-1058,-1044,-4630,-2069,-29969,-12012,-29981]} 1. e4 c6 2. c4 d5 3. exd5 cxd5 4. cxd5 Nf6 5. Nc3 Nxd5 6. Nf3 Nc6 7. Bc4 {B10: Caro-Kann: 2 d3 and 2 c4.} Nb6 8. Bb5 g6 9. Ne5 {[#] And now Qf3 would win.The position is equal.} Qd6 $146 ({Predecessor:} 9... Bd7 10. Bxc6 Bxc6 11. Nxc6 bxc6 12. O-O Bg7 13. Re1 O-O 14. b3 Re8 15. Ba3 Nd5 16. Nxd5 cxd5 {0-1 (55) Cento,R (2126)-McClain,D (2170) ICCF email 2010}) 10. d4 {next Qf3 is good for White.} Bg7 $1 11. Bf4 O-O 12. Bxc6 (12. Nxc6 $5 {[%cal Rf4d6]} Qxf4 13. Nxe7+ Kh8 14. Nxc8 Raxc8 15. O-O $11) 12... bxc6 13. O-O {[#]} Nc4 $1 14. Qc1 (14. Re1 Nxe5) 14... Nxe5 ({But not} 14... Qxd4 $6 {[#]} 15. Ne2 $1 $16) 15. Bxe5 Bxe5 16. dxe5 Qxe5 17. Re1 Qc5 18. Qh6 Bf5 19. Ne4 {Threatening mate with Ng5.} Qd4 20. Ng3 Be6 ({Much worse is} 20... Qxb2 $6 21. Nxf5 gxf5 22. Qg5+ Qg7 23. Qxe7 $14) 21. b3 Rfe8 22. Rad1 Qg7 23. Qg5 Qf6 24. Qxf6 exf6 25. Ne4 Kg7 26. Nc5 Bd5 27. f4 g5 28. Kf2 Kg6 29. Rd4 $2 {This costs White the game.} (29. Rxe8 $15 Rxe8 30. Rd4) 29... Rxe1 $19 {[%mdl 64] Overworked Piece} 30. Kxe1 Bxg2 31. fxg5 fxg5 {[%mdl 4096] Endgame KRB-KRN} 32. Rd6+ Kg7 33. a4 $2 (33. Kf2 Bh1 34. Nb7) 33... a5 34. Kd2 Bd5 35. Kc3 Rb8 36. Rd7 h5 37. Nb7 g4 38. Nxa5 {If White can now play Rd6 this consolidates a bit.} h4 39. Nc4 g3 40. hxg3 h3 41. Kd4 {Weighted Error Value: White=0.79/Black=0.07} 0-1

[Event "IV Closed GM BCC 2021"]
[Site "Barcelona"]
[Date "2021.04.11"]
[Round "7.4"]
[White "Perez Mitjans, Orelvis"]
[Black "Barseghyan, Harutyun"]
[Result "0-1"]
[WhiteElo "2412"]
[BlackElo "2471"]
[Annotator "TA"]
[PlyCount "118"]
[EventDate "2021.04.05"]
[EventType "tourn"]
[EventCountry "ESP"]
[SourceTitle "playchess.com"]
[Source "ChessBase"]
[SourceQuality "1"]

{[%evp 17,118,0,0,0,0,0,0,0,0,0,1,-22,-8,-53,-70,-50,-59,-118,-123,-125,-132,-145,-139,-140,-144,-177,-144,-175,-139,-175,-165,-191,-152,-152,-152,-152,-152,-152,-152,-159,-159,-159,-152,-152,-152,-164,-163,-170,-168,-177,-172,-236,-235,-226,-240,-241,-214,-239,-198,-224,-227,-255,-255,-255,-255,-255,-255,-248,-223,-226,-219,-224,-164,-394,-407,-403,-411,-552,-415,-406,-392,-585,-564,-560,-565,-550,-546,-752,-750,-1529,-1570,-1432,-1335,-1162,-1032,-29969,-29970,-4622,-4133,-29981,-29976,-29987,-29987]} 1. e4 e6 2. d4 d5 3. Nc3 Bb4 4. e5 Ne7 5. a3 Bxc3+ 6. bxc3 c5 7. Nf3 b6 8. Bb5+ Bd7 9. Bd3 c4 $1 {[%mdl 4] now scores much better than the old 9...Ba4.} 10. Be2 {10.Bf1 is vanishing. C19: French: 3 Nc3 Bb4: Main line: 7 Nf3 and 7 a4.} Ba4 11. O-O Nbc6 12. Re1 {The position is equal.} h6 13. Bf1 Kd7 {[#]} 14. Nd2 $146 ({Predecessor:} 14. Nh4 g5 15. Nf3 Qg8 16. h3 Qg6 17. Ra2 Rag8 18. g4 Qg7 19. Bg2 Ng6 20. Nh2 {0-1 (34) Guliyev,N (2549)-Lagarde,M (2600) Le Blanc Mesnil 2019}) 14... Qg8 15. f4 Qh7 16. Ra2 g5 17. Nf3 (17. Be2 $15) 17... g4 $17 18. Nh4 h5 19. Be3 Ng6 20. Nxg6 Qxg6 21. Re2 Qf5 22. Ra1 Rag8 23. Rb1 Kc7 24. Rb2 b5 25. Re1 a6 26. Ra2 Ne7 27. Qb1 a5 28. Rb2 Kc6 29. Qd1 Qg6 30. Qd2 Nf5 31. Rc1 Qg7 32. Qe1 Qf8 33. Ra2 f6 34. Qd2 (34. Rd1 $142) 34... fxe5 $19 35. fxe5 Nxe3 36. Qxe3 Qf5 37. Be2 Rf8 38. Rf1 {[#]} Qg6 39. Rf2 Rxf2 ({Resist} 39... Bxc2 40. Bf1 $17) 40. Qxf2 Qh6 {Hoping for ...Rf8.} 41. Qf6 {[#]} Qxf6 42. exf6 {[%mdl 4096] Endgame KRB-KRB} Kd6 43. h3 gxh3 44. gxh3 h4 45. Ra1 $2 (45. f7 {might work better.}) 45... Rf8 46. Rf1 Bxc2 47. Bh5 Bf5 48. f7 Ke7 49. Rf2 (49. Kf2 $142) 49... b4 50. axb4 axb4 51. cxb4 c3 52. Bd1 Rxf7 53. Bc2 Bxc2 54. Rxc2 {KR-KR} Rf3 55. b5 Rxh3 56. b6 Kd7 57. b7 Kc7 58. Re2 Kxb7 59. Rxe6 c2 {Weighted Error Value: White=0.67/Black=0.06} 0-1

[Event "IV Closed GM BCC 2021"]
[Site "Barcelona"]
[Date "2021.04.11"]
[Round "7.5"]
[White "Narciso Dublan, Marc"]
[Black "Valenzuela Gomez, Fernando"]
[Result "1/2-1/2"]
[WhiteElo "2521"]
[BlackElo "2382"]
[Annotator "TA"]
[PlyCount "113"]
[EventDate "2021.04.05"]
[EventType "tourn"]
[EventCountry "ESP"]
[SourceTitle "playchess.com"]
[Source "ChessBase"]
[SourceQuality "1"]

{[%evp 13,113,0,-8,-25,-18,-19,-17,-4,0,0,-1,-36,0,-2,0,-46,-31,-48,-27,-31,19,-27,-42,-20,-26,-18,-11,-72,-59,-118,16,27,38,39,41,31,39,28,25,27,29,38,175,194,177,190,187,182,173,97,83,93,92,98,93,74,64,72,56,58,102,93,90,96,199,204,148,32,47,0,0,0,0,0,0,0,8,0,0,0,0,0,0,0,0,0,0,0,0,0,0,0,0,0,0,0,0,0,0,0,0,0]} 1. d4 Nf6 2. c4 e6 3. Nc3 Bb4 4. g3 O-O 5. Bg2 d5 6. Nf3 dxc4 7. O-O Nc6 8. Qa4 {E20: Nimzo-Indian: 4 g3 and 4 f3.} Nd5 9. Qc2 Be7 10. Rd1 Ncb4 11. Qd2 Nb6 {[#]} 12. Rb1 $146 ({Predecessor:} 12. Ne4 a5 13. a3 N4d5 14. Nc5 Qe8 15. Qc2 Bxc5 16. dxc5 Qa4 17. Rd2 Qxc2 18. Rxc2 {1-0 (84) Fridman,D (2615)-Donchenko,A (2646) Playchess.com INT 2020}) 12... a5 13. h4 Qe8 14. h5 h6 15. Ne5 Nc6 16. Qf4 Bg5 17. Qf3 {[%cal Re5c6]} (17. Bxc6 $5 Bxf4 18. Bxe8 Bxe5 19. Bxf7+ $1 Rxf7 20. dxe5 $11) 17... Nxe5 18. dxe5 Bxc1 19. Rbxc1 a4 20. Qf4 (20. a3 $11 {remains equal.}) 20... Ra5 21. g4 (21. a3 $15) 21... Nd7 (21... Qe7 $17 22. Nb1 Qc5) 22. Qxc4 $11 {[%mdl 64] Double Attack} Rc5 23. Qxa4 Nxe5 24. Qxe8 Rxe8 25. b4 {[%cal Bb2b4,Bb4b5][%mdl 32]} Rc4 {[%mdl 64] Double Attack} 26. Ne4 Rxc1 27. Rxc1 Re7 {[#]} (27... c6 $14) 28. Nd6 $1 $18 {[%cal Rd6c8][%mdl 512]} cxd6 29. Rxc8+ {[%mdl 4096] Endgame KRB-KRN} Kh7 30. b5 $1 b6 {[#]} 31. Be4+ (31. Rb8 $1 $18) 31... g6 $16 32. hxg6+ fxg6 33. Rb8 d5 34. Bd3 Nd7 35. Rb7 Kg7 36. f4 Kf6 37. Kg2 d4 38. Kg3 g5 {[#]} (38... Rf7 $16) 39. f5 $1 $18 h5 40. fxe6 (40. gxh5 $16 exf5 41. h6) 40... h4+ $14 41. Kh3 Kxe6 {The position is equal.} 42. Bf5+ Kd6 43. Bxd7 {Bc8 is the strong threat.} Rxd7 44. Rxb6+ $11 {KR-KR} Ke5 45. a4 {White wants to play Rg6.} d3 46. exd3 Rxd3+ 47. Kh2 Kf4 48. Rc6 Kxg4 49. Rc2 Rb3 50. Rg2+ Kh5 51. Ra2 g4 {aiming for ...h3.} 52. a5 {[%cal Ba4a5,Ba5a6,Ba6a7][%mdl 32] Threatens to win with a6.} Rxb5 53. a6 {Strongly threatening a7.} Rb8 54. a7 Ra8 55. Ra5+ Kg6 56. Kg2 Kf6 57. Kh2 {Weighted Error Value: White=0.14/Black=0.18} 1/2-1/2

[Event "IV Closed GM BCC 2021"]
[Site "Barcelona"]
[Date "2021.04.12"]
[Round "8.1"]
[White "Cuenca Jimenez, Jose Fernando"]
[Black "Valenzuela Gomez, Fernando"]
[Result "0-1"]
[WhiteElo "2506"]
[BlackElo "2382"]
[Annotator "TA"]
[PlyCount "90"]
[EventDate "2021.04.05"]
[EventType "tourn"]
[EventCountry "ESP"]
[SourceTitle "playchess.com"]
[Source "ChessBase"]
[SourceQuality "1"]

{[%evp 12,90,28,17,30,33,47,45,41,44,37,39,31,37,43,39,38,23,21,17,19,14,8,27,39,35,39,29,68,63,66,36,60,61,64,72,86,3,14,-59,-72,-67,-61,-101,-126,-70,-26,-26,-56,-264,-263,-262,-255,-249,-250,-255,-243,-237,-130,-130,-130,-691,-690,-688,-689,-688,-687,-643,-596,-1007,-1008,-1007,-1002,-976,-973,-3211,-3039,-4133,-4132,-1954,-1771]} 1. d4 Nf6 2. c4 e6 3. Nf3 d5 4. g3 Bb4+ 5. Bd2 a5 6. Bg2 O-O 7. Qc2 {seems to push 7.0-0 aside.} c5 {E11: Bogo-Indian.} 8. cxd5 cxd4 9. Nxd4 Qb6 {White is slightly better.} 10. e3 exd5 11. O-O Nc6 12. Nxc6 bxc6 13. Rc1 Rb8 {[#]} 14. b3 $146 ({Predecessor:} 14. Nc3 h5 15. Na4 Qd8 16. Bxb4 Rxb4 17. b3 h4 18. Qxc6 h3 19. Bh1 d4 20. Qc7 dxe3 21. fxe3 {0-1 (34) Vidit,S (2726)-Giri,A (2764) chess24.com INT 2020}) 14... Bd7 15. Nc3 Ba3 16. Rd1 Bg4 17. Rf1 Rfe8 18. Bc1 Be7 19. Bb2 h5 20. Na4 Qb4 21. Bd4 h4 22. gxh4 Qd6 23. Rac1 Bd7 24. h3 (24. f4 $16) 24... Ne4 $11 25. h5 ({Better is} 25. Bxe4 $11 dxe4 26. Qxe4) 25... Qh6 $15 26. Qe2 c5 27. Nxc5 Bxc5 28. Bxc5 Bb5 29. Qg4 Bxf1 30. Bxf1 (30. Kxf1 $15 Re5 31. Bxe4 dxe4 32. Bd4) 30... Rbc8 $19 31. Ba3 Rxc1 32. Bxc1 {[#]} Qf6 {[%cal Rf6f2]} 33. Qe2 Rc8 34. Bb2 Qg5+ (34... Qf5 $19 {Hoping for ...Nxf2!} 35. f4 Ng3) 35. Bg2 $17 Qf5 36. Bf3 $2 {[%mdl 8192] [#] Now White is beyond hope.} (36. Qg4 $17 Qxg4 37. hxg4) 36... Nxf2 $1 $19 {[%mdl 512] Black is clearly winning.} 37. Kxf2 Rc2 38. Bd4 Rxe2+ 39. Kxe2 Qxh3 40. Bxd5 Qxh5+ {[%mdl 64] Double Attack} 41. Bf3 Qh2+ 42. Kd3 Qxa2 43. Bd5 a4 {[%cal Ba5a4,Ba4a3][%mdl 32]} 44. Kc3 a3 45. Kb4 Qd2+ {Weighted Error Value: White=0.67/Black=0.07} 0-1

[Event "IV Closed GM BCC 2021"]
[Site "Barcelona"]
[Date "2021.04.12"]
[Round "8.2"]
[White "Barseghyan, Harutyun"]
[Black "Narciso Dublan, Marc"]
[Result "1-0"]
[WhiteElo "2471"]
[BlackElo "2521"]
[Annotator "TA"]
[PlyCount "120"]
[EventDate "2021.04.05"]
[EventType "tourn"]
[EventCountry "ESP"]
[SourceTitle "playchess.com"]
[Source "ChessBase"]
[SourceQuality "1"]

{[%evp 9,120,9,24,6,25,21,10,10,14,14,8,22,20,14,12,-20,3,0,12,3,20,13,25,18,14,7,12,0,0,-22,-31,-27,0,0,36,29,34,-19,-29,-16,16,0,159,149,157,139,235,242,247,216,246,225,280,252,241,225,236,229,548,468,447,433,567,557,655,650,648,345,420,0,582,502,563,510,1273,1292,1273,1183,1183,637,635,594,927,927,901,811,797,783,1132,964,4161,920,903,895,664,664,6199,830,29971,875,29971,726,29973,29975,29975,29976,29977,29978,29979,29979,29981,29982,29983]} 1. d4 d5 2. c4 c6 3. cxd5 cxd5 4. Bg5 h6 5. Bh4 Qb6 6. Nc3 {D10: Slav Defence: 3 cxd5 (without early Nf3) and 3 Nc3.} e6 7. Qd2 Ne7 {now scores much better than the old 7...Nc6.} 8. f3 {The position is equal.} Nbc6 9. Bf2 {[#]} e5 $146 {[%cal Re5d4]} ({Predecessor:} 9... Nf5 10. Nh3 Bd7 11. Rd1 Bb4 12. e4 Nd6 13. exd5 exd5 14. Nf4 Ne7 15. a3 Bxc3 16. Qxc3 {0-1 (55) Mikhalevski,V (2560)-Giri,A (2764) Chess.com INT 2020}) 10. e3 exd4 11. exd4 g6 12. Bb5 Bg7 13. Nge2 O-O 14. O-O Bf5 15. g4 Be6 16. h3 Rad8 17. Kg2 f5 18. Nf4 Bf7 {[%cal Rg7d4]} 19. Bxc6 Qxc6 20. Rae1 Qd7 21. Nd3 fxg4 22. hxg4 Nc6 23. Ne5 (23. Bg3 $14) 23... Nxe5 $11 24. dxe5 Be6 (24... d4 $5 {[%cal Rd4c3]} 25. Ne4 Bxa2 $17) 25. Qd3 Qf7 $2 {White now steadily converts the win.} (25... d4 $11 26. Ne4 Bd5) 26. Bc5 $16 (26. Bxa7 d4 $17) 26... d4 27. Bxf8 (27. Bxd4 Bc4 $17) 27... Bxf8 {[#]} (27... Bc4 $16 28. Qe4 Bxf1+ 29. Rxf1 dxc3 30. Bxg7 Rd2+ 31. Rf2 Rxf2+ 32. Kxf2 Kxg7) 28. b3 $1 $18 Bb4 {[#]} 29. Rc1 Bxc3 30. Rxc3 {[%mdl 64] Pin} Kg7 {[#]} 31. Kg3 h5 {intending ...h4+.} 32. gxh5 gxh5 {[#] White should prevent ...Kh8.} 33. Kf2 $1 Kh8 $2 {[#]} (33... Qf4 34. Rc7+ Kf8) 34. Qd2 $1 {Threatens to win with Qh6+.} Kh7 {[#]} 35. Rfc1 $1 {Rc7 is the strong threat.} Rd7 (35... dxc3 36. Qxd8) 36. Rd3 Rd5 37. Rxd4 Rxe5 38. Qc2+ Kh6 39. Qd2+ Kh7 $1 40. Re1 Rxe1 41. Qxe1 {[%mdl 4096] Endgame KQR-KQB} ({Less strong is} 41. Kxe1 Qxf3 42. Qg5 Qc3+ 43. Rd2 (43. Qd2 Qg3+ 44. Qf2 Qe5+ 45. Kf1 Kh6 $16) 43... Bg4 $16) 41... Bf5 (41... Qf6 $142) 42. Qe5 Bg6 43. Rc4 Kh6 44. Qf4+ Qxf4 45. Rxf4 {KR-KB} Be8 46. Kg3 Bc6 47. Rc4 Kg6 48. Rc5 h4+ 49. Kg4 h3 {[#]} 50. Rg5+ (50. Rxc6+ $142 $1 {[%mdl 512]} bxc6 51. Kxh3) 50... Kf6 51. Rh5 Bd7+ 52. Kg3 Bf5 {[#]} 53. b4 (53. Rxf5+ $142 $1 {[%mdl 512]} Kxf5 54. Kxh3) 53... a6 {[#]} 54. a3 (54. Rxf5+ $142 $1 {[%mdl 512]} Kxf5 (54... Ke6 55. Rh5) 55. Kxh3 Kf4 56. Kg2 Ke5 57. Kg3 Kf5 58. f4 Ke6 59. Kg4) 54... Kg6 {[#]} 55. Rxh3 (55. Rxf5 $142 $1 {[%mdl 512]} Kxf5 56. Kxh3 Kf6 57. Kg4 Kg6 58. a4 b6 59. Kf4 Kh5 60. Ke4) 55... Bxh3 56. Kxh3 {K3P-KPP. White mates.} Kf5 57. Kg3 b6 58. f4 a5 59. Kf3 axb4 60. axb4 b5 {Weighted Error Value: White=0.42/Black=0.69} 1-0

[Event "IV Closed GM BCC 2021"]
[Site "Barcelona"]
[Date "2021.04.12"]
[Round "8.3"]
[White "Gines Esteo, Pedro Antonio"]
[Black "Perez Mitjans, Orelvis"]
[Result "1/2-1/2"]
[WhiteElo "2449"]
[BlackElo "2412"]
[Annotator "TA"]
[PlyCount "59"]
[EventDate "2021.04.05"]
[EventType "tourn"]
[EventCountry "ESP"]
[SourceTitle "playchess.com"]
[Source "ChessBase"]
[SourceQuality "1"]

{[%evp 18,59,33,22,42,44,56,50,68,41,71,62,85,50,58,52,36,70,79,39,60,15,14,14,15,14,13,21,15,11,6,22,21,-28,-30,-17,-35,-60,-70,-89,-92,-105,-104,-110]} 1. d4 Nf6 2. c4 g6 3. Nc3 Bg7 4. e4 d6 5. Nf3 O-O 6. h3 e5 7. d5 Nbd7 8. Bg5 a5 {8...h6 is vanishing.} 9. Be2 {is the legacy move (9.g4).} Nc5 10. Nd2 c6 {E92: King's Indian: Classical: 6 Be2 e5: 7 dxe5, 7 Be3 and Petrosian System without 7...Nbd7.} 11. O-O Bd7 12. b3 h6 {White is slightly better.} 13. Be3 Na6 {[%cal Bc5a6,Ba6b8,Bb8d7,Bd7e5][%mdl 32]} 14. a3 c5 {[#]} 15. Nb5 $146 ({Predecessor:} 15. Qc2 Ne8 16. Rae1 f5 17. exf5 gxf5 18. f4 e4 19. Ndb1 Qe7 20. Bd1 Kh8 21. g4 {1-0 (62) Krasenkow,M (2560)-Belov,I (2440) Rostov on Don 1993}) 15... Ne8 16. f4 exf4 17. Bxf4 ({Reject} 17. Rxf4 Bxa1 18. Qxa1 g5 $15) 17... Qe7 18. Ra2 Nb8 19. Bg4 Bxb5 20. cxb5 h5 21. Bf3 Nd7 22. Nc4 Bd4+ 23. Kh1 Ne5 24. Nb6 Rb8 25. b4 axb4 26. axb4 Rd8 27. Rd2 Bc3 28. bxc5 {[#] Strongly threatening Rc2.} Bxd2 29. Qxd2 dxc5 30. Qc3 {Weighted Error Value: White=0.13/Black=0.06} 1/2-1/2